000 00925nam a22002897a 4500
001 4619
003 FISKH
005 20240918105724.0
008 240918b cb ||||| |||| 00| 0 eng d
020 _a9780439113106
040 _aFISKH
_beng
_cFISKH
_dFISKH
050 _aPZ7.B5338
082 _2813
100 _aBlackwood, Gary
_d1945-
245 _aThe shakespeare stealer /
_cGary Blackwood
250 _aFirst printing in 1999
260 _aNew York :
_bScholastic,
_c1999.
300 _a216 pages :
_c20cm
505 _aR
520 _aA young orphan boy is ordered by his master to infiltrate Shakespeare's acting troupe in order to steal the script of "Hamlet," but he discovers instead the meaning of friendship and loyalty.
521 8 _a780L
_bLexile
521 8 _aR
_bRaz-Plus
650 _2Fiction
_aEngland
_vTheatre
650 _2Young adult
_aMystery
942 _2ddc
_cBK
_n0
999 _c4619
_d4619